| 000 | 00679cam a2200181 4500 | ||
|---|---|---|---|
| 001 | WB3844-11 | ||
| 008 | 021128n2002 000 0 eng u | ||
| 035 | _a(Sirsi) u120610 | ||
| 245 | _aMortgage lending rises | ||
| 260 | _c2002 | ||
| 490 |
_aBritish Bankers Association Press Release _v 27 November 2002, (2) |
||
| 520 | _aNew figures issued by British Bankers Association reveal mortgage lending rose by record amount during October, as increasing numbers of consumers released equity in their homes. www.bba.org.uk/public/newsroom/pressreleases/62114?view=Print | ||
| 590 | _aWB | ||
| 650 | _aMORTGAGES | ||
| 650 | _aEQUITY RELEASE | ||
| 690 | _aHOUSING | ||
| 942 | _n0 | ||
| 999 |
_c71665 _d71665 |
||